Guarda asistencial, tutela ex lege y acogimiento de menores (en la Ley Orgǹica 1/1996, de 15 de enero, de Proteccin̤ Jurd̕ica del Menor, de modificacin̤ parcial del Cd̤igo Civil y de la Ley de Enjuiciamiento Civil) /

Detalles Bibliográficos
Autor principal: Iglesias Redondo, Julio Ignacio
Formato: Desconocido
Lenguaje:español
Publicado: Barcelona : Cedecs, 1996
Materias:
Acceso en línea:Acceso restringido

MARC

LEADER 00000ny a22000003n 4500
005 20110616151132.0
008 A10218s1996 sp || 000|0 spa d
020 |a 9788489171268 
035 |a 3267 
040 |a BUS  |d vLex 
080 |a 343.197.8 460 
080 |a 347.157 460 
090 |c 798  |d 798 
100 1 |a Iglesias Redondo, Julio Ignacio 
245 1 0 |a Guarda asistencial, tutela ex lege y acogimiento de menores  |h [Recurso electrn̤ico]  |b (en la Ley Orgǹica 1/1996, de 15 de enero, de Proteccin̤ Jurd̕ica del Menor, de modificacin̤ parcial del Cd̤igo Civil y de la Ley de Enjuiciamiento Civil) /  |c Julio Ignacio Iglesias Redondo 
256 |a Servicio en ln̕ea 
260 |a Barcelona :  |b Cedecs,  |c 1996 
300 |a 433 p. ;  |c 24 cm 
506 1 |a Contenido solo disponible en los productos indicados  |d vLex Global  |d vLex Global (Academic Edition, excluding Law Schools)  |d vLex Global (U.S. Academic Edition, Law Schools)  |d vLex Global (U.S. Academic Edition, excluding Law Schools)  |d vLex Global (Academic Edition, Law Schools) 
650 0 7 |a Familia  |2 Tesauro vLex 
650 0 7 |a Menores  |2 Tesauro vLex 
650 0 7 |a Guarda de hecho  |2 Tesauro vLex 
650 0 7 |a Incapacitacin̤  |2 Tesauro vLex 
650 0 7 |a Tutela  |2 Tesauro vLex 
650 0 7 |a Acogimiento  |2 Tesauro vLex 
740 0 |a vLex Libros (Servicios en ln̕ea) 
856 4 0 |u http://vlex.com/source/3267  |z Acceso restringido 
942 |c BOOK 
999 0 |a Family   |b Barcelona